书目信息 |
| 题名: |
作物的营养、施肥及诊断技术
|
|
| 作者: | 翁才浩 , 张国平 编著 | |
| 分册: | ||
| 出版信息: | 南昌 江西科学技术出版社 1988.8 |
|
| 页数: | 396页 | |
| 开本: | 19cm | |
| 丛书名: | ||
| 单 册: | ||
| 中图分类: | S146.2 | |
| 科图分类: | ||
| 主题词: | 作物-施肥 , 作物-植物营养鉴别 , 植物营养鉴别-作物 , 施肥-作物 , 肥料学 | |
| 电子资源: | ||
| ISBN: | 7-5390-0161-5 | |
| 000 | 01035nam0 2200301 45 | |
| 001 | 0188009647 | |
| 005 | 20060511145359.67 | |
| 010 | @a7-5390-0161-5@dCNY3.24 | |
| 020 | @aCN@b88009647 | |
| 100 | @a19910415d1988 m y0chiy0120 ea | |
| 101 | 0 | @achi |
| 102 | @aCN@b360000 | |
| 105 | @ay z 000yy | |
| 200 | 10 | @a作物的营养、施肥及诊断技术@Azuo wu de ying yang 、 shi fei ji zhen duan ji shu@f翁才浩,张国平编著@Fweng cai hao , zhang guo ping bian zhu |
| 210 | @a南昌@c江西科学技术出版社@d1988.8 | |
| 215 | @a396页@d19cm | |
| 330 | @a本书共分十六章,主要内容是:土壤的性质及矿质元素存在的状况;植株的营养吸收、运输、分配及再利用等。 | |
| 540 | 1 | @a作物的营养、施肥及诊断技术@Azuo wu de ying yang 、 shi fei ji zhen duan ji shu |
| 606 | @a作物-施肥 | |
| 606 | @a作物-植物营养鉴别 | |
| 606 | @a植物营养鉴别-作物 | |
| 606 | @a施肥-作物 | |
| 606 | 0 | @a肥料学 |
| 690 | @aS146.2@v4 | |
| 701 | 0 | @a翁才浩@Aweng cai hao@4编著 |
| 701 | 0 | @a张国平@Azhang guo ping@4编著 |
| 801 | 0 | @aCN@bNLC@c20060511 |
| 905 | @dS146.2@e16 | |
| 作物的营养、施肥及诊断技术/翁才浩,张国平编著.-南昌:江西科学技术出版社,1988.8 |
| 396页;19cm |
| ISBN 7-5390-0161-5:CNY3.24 |
| 本书共分十六章,主要内容是:土壤的性质及矿质元素存在的状况;植株的营养吸收、运输、分配及再利用等。 |
| ● |
| 相关链接 |
|
|
|
|
正题名:作物的营养、施肥及诊断技术
索取号:S146.2/16
 
预约/预借
| 序号 | 登录号 | 条形码 | 馆藏地/架位号 | 状态 | 备注 |
| 1 | 0248171 | 001954442 | 第三借阅区/ [索取号:S146.2/16] | 在馆 | |
| 2 | 0248172 | 202323413 | 密集书库/ [索取号:S146.2/16] | 在馆 | |
| 3 | 0248173 | 001470376 | 第二样本阅览室/ [索取号:S146.2/16] | 在馆 |